书目信息 |
| 题名: |
家常养生豆浆米糊果蔬汁大全
|
|
| 作者: | 张玉磊 编著 | |
| 分册: | ||
| 出版信息: | 西安 西安交通大学出版社 2017.03 |
|
| 页数: | 252页 | |
| 开本: | 21cm | |
| 丛书名: | ||
| 单 册: | ||
| 中图分类: | TS214.2 | |
| 科图分类: | ||
| 主题词: | 豆制食品--饮料--制作 , 果汁饮料--制作 , 菜汁--饮料--制作 | |
| 电子资源: | ||
| ISBN: | 978-7-5605-9473-6 | |
| 000 | 00826nam0 2200241 450 | |
| 001 | 3784 | |
| 005 | 20181008150003.22 | |
| 010 | @a978-7-5605-9473-6@dCNY39.80 | |
| 100 | @a20180513d2017 em y0chiy50 ea | |
| 101 | 0 | @achi |
| 102 | @aCN@b610000 | |
| 105 | @aa z 000yy | |
| 200 | 1 | @a家常养生豆浆米糊果蔬汁大全@9jia chang yang sheng dou jiang mi hu guo shu zhi da quan@f张玉磊编著 |
| 210 | @a西安@c西安交通大学出版社@d2017.03 | |
| 215 | @a252页@c彩图@d21cm | |
| 330 | @a本书根据豆浆、米糊、果蔬汁的营养功效,分别就增强体质、防病祛病、四季调养、因人而食、养颜塑身等方面推荐了259道食疗佳品。 | |
| 606 | 0 | @a豆制食品@x饮料@x制作 |
| 606 | 0 | @a果汁饮料@x制作 |
| 606 | 0 | @a菜汁@x饮料@x制作 |
| 690 | @aTS214.2@v5 | |
| 701 | 0 | @a张玉磊@9zhang yu lei@4编著 |
| 801 | 0 | @aCN@b91MARC@c20180513 |
| 905 | @aMuseLib@dTS214.2@e283 | |
| 家常养生豆浆米糊果蔬汁大全/张玉磊编著.-西安:西安交通大学出版社,2017.03 |
| 252页:彩图;21cm |
| ISBN 978-7-5605-9473-6:CNY39.80 |
| 本书根据豆浆、米糊、果蔬汁的营养功效,分别就增强体质、防病祛病、四季调养、因人而食、养颜塑身等方面推荐了259道食疗佳品。 |
| ● |
| 相关链接 |
|
|
|
|
正题名:家常养生豆浆米糊果蔬汁大全
索取号:TS214.2/283
 
预约/预借
| 序号 | 登录号 | 条形码 | 馆藏地/架位号 | 状态 | 备注 |
| 1 | 1123712 | 211237124 | 第二样本阅览室/ [索取号:TS214.2/283] | 在馆 | |
| 2 | 1123713 | 211237133 | 密集书库-生命科学系/ [索取号:TS214.2/283] | 在馆 | |
| 3 | 1123714 | 211237142 | 第三借阅区/ [索取号:TS214.2/283] | 在馆 | |
| 4 | 1123715 | 211237151 | 第三借阅区/ [索取号:TS214.2/283] | 在馆 | |
| 5 | 1123716 | 211237160 | 第三借阅区/ [索取号:TS214.2/283] | 在馆 |